| 000 | 00978nam a2200289Ia 4500 | ||
|---|---|---|---|
| 005 | 20220316235535.0 | ||
| 008 | 121119s2002 sp gr 000 f spa | ||
| 020 | _a8466306676 | ||
| 041 | 1 | _aspa | |
| 100 | 1 |
_aDickens, Charles _d1812-1870 |
|
| 245 | 1 | 0 |
_aGrandes esperanzas _cCharles Dickens ; prólogo de Luis Mateo Díez ; traducción de R. Berenguer |
| 250 | _aPrimera edición | ||
| 300 |
_a684 páginas _c17 cm |
||
| 490 | 0 | _aPunto de Lectura | |
| 650 |
_aAutores ingleses _ySiglo XIX _2LEMB |
||
| 650 | 1 | 4 |
_aLiteratura inglesa _ySiglo XIX _2LEMB |
| 650 | 1 | 4 |
_aNovela inglesa _ySiglo XIX _2LEMB |
| 700 | 1 |
_aDíez, Luis Mateo _eautor de introducción _938576 |
|
| 700 | 1 |
_aBerenguer, R. _etraductor _938577 |
|
| 942 |
_2loc _cBKLIT |
||
| 264 |
_aMadrid _bPunto de lectura _c2002 |
||
| 336 |
_atexto _btxt _2rdacontent |
||
| 337 |
_asin mediación _bn _2rdamedia |
||
| 338 |
_avolumen _bnc _2rdacarrier |
||
| 040 |
_aCO-BoRNBP _bspa _erda _cCO-BoRNBP |
||
| 084 | _aN DIC1 | ||
| 999 |
_c1287 _d1287 |
||